Escuelas Rǧimen Jurd̕ico Fiscal 2018 /

Bibliographic Details
Main Author: Domn̕guez Orozco, Jaime
Other Authors: Resňdiz Nn︢ez, Cuauhtm̌oc
Format: eBook
Language:Spanish
Published: Ciudad de Mx̌ico: Ediciones Fiscales ISEF, 2018
Subjects:
Online Access:Acceso restringido

MARC

LEADER 00000nam a22000007a 4500
005 20180420215113.0
007 cr|||| ||||
008 180420s2018 mx |||||s|||| 00||0 spa d
020 |a 978-607-406-998-3 
035 |a 21441 
040 |a vLex 
090 |c 7789  |d 7789 
100 1 |a Domn̕guez Orozco, Jaime 
245 1 0 |a Escuelas  |h [Recurso electrn̤ico] :  |b Rǧimen Jurd̕ico Fiscal 2018 /  |c Jaime Domn̕guez Orozco, Cuauhtm̌oc Resňdiz Nn︢ez 
256 |a Servicio en ln̕ea 
260 |a Ciudad de Mx̌ico:  |b Ediciones Fiscales ISEF,  |c 2018 
300 |a 1 recurso electrn̤ico 
500 |a Este libro ser ̀un instrumento de gran utilidad para quienes estň interesados en el RÉGIMEN JURÍDICO FISCAL DE LAS ESCUELAS. Las instituciones que prestan servicios educativos reciben un tratamiento fiscal especial. La importancia social de la actividad de las ESCUELAS, cuando šta es realizada dentro del marco del sistema educativo, se ve reconocida en las leyes fiscales. 
506 1 |a Disponible solo en los productos indicados  |d vLex Global  |d vLex Global (Academic Edition, excluding Law Schools)  |d vLex Global (U.S. Academic Edition, Law Schools)  |d vLex Global (U.S. Academic Edition, excluding Law Schools)  |d vLex Global (Academic Edition, Law Schools) 
650 0 4 |a Derecho Fiscal  |z Mx̌ico 
700 1 |a Resňdiz Nn︢ez, Cuauhtm̌oc 
740 0 |a vLex Libros (Servicio en ln̕ea) 
856 4 0 |u http://vlex.com/source/escuelas-regimen-juridico-fiscal-2018-21441  |z Acceso restringido 
942 |c BOOK 
999 0 |a Tax Law